Managerial process and adaptation to work: implications for care organizations

Na minha lista:
Detalhes bibliográficos
Autor principal: Szczygiel, Nina
Outros Autores: Rutkowska-Podołowska, Małgorzata
Formato: Capítulo de Livro
Idioma:inglês
Tags: Adicionar Tag
Sem tags, seja o primeiro a adicionar uma tag!

MARC

LEADER 00000naa$a2200000$$$4500
001 0152971
005 20221103130309.4
041 0 |a eng 
044 |a SK 
245 1 0 |a Managerial process and adaptation to work: implications for care organizations  |c Nina Szczygiel, Małgorzata Rutkowska-Podołowska 
100 1 |a Szczygiel, Nina 
700 1 |a Rutkowska-Podołowska, Małgorzata